LEADER 01131nas a2200253 i 4500 001 000000241022 003 CaOOAMICUS 005 20150421000000.0 008 150421b2004 gw uu u0 0ger r 013 $a219927 040 $aSeMil$bita 245 10$aBeiheft zu den Katechetischen Blättern [2004] :$bBausteine für den Religionsunterricht. 260 $aMünchen :$bKösel,$c2004. 300 $a1 v. (varie paginazioni) ;$c21 cm. 710 0 $aDeutscher Katecheten-Verein e. V.$0(OLS)http://semarc/name/14633 774 0 $tGedichte im Religionsunterricht. - 16 p..$w()287058 774 0 $tLust und Frust im Schulalltag. - 1 v. - Titolo principale dalla copertina.$w()287059 774 0 $tHauch des Heiligen. - 16 p..$w()287060 774 0 $t"Gestatten.$w()287061 850 $aSeMil 852 $aSeMil$W1$xVenegono$y1$m25 6 129/S1$j191368$B191368$CSeMilBibl$Z2$F202178 $85 961 $aOmaggio: Lorenzi don Ugo 996 $6245$aBeiheft zu den Katechetischen Blättern [2004] :$bBausteine für den Religionsunterricht$9(OLS)http://semarc/title/342669 996 $6260$aMünchen :$bKösel$9(OLS)http://semarc/publisher/34068 LEADER 01306nam a2200241 i 4500 001 000000013611 003 CaOOAMICUS 005 20180830125442.0 008 180830s1987 it u000 u ita u 040 $aSeMil$bita 100 1 $aBerardi, Guido.$0(OLS)http://semarc/name/89906 245 13$aLe lettere del Nuovo Testamento /$ced. sinottica di testo greco, vers. vulgata latina e trad. italiana con sussidi didattici vari di G. Berardi. 250 $aRied. anast. / a cura di M. Costantini, A. Gasperoni. 260 $aFano :$bPontificio Seminario Marchigiano Pio 11.,$c1987. 260 $aCittà del Vaticano :$bLibreria Editrice Vaticana,$c1987. 300 $a2 v. ;$c24 cm. 650 4$aBibbia - NT - Lettere - Analisi linguistica.$0(OLS)http://semarc/subject/37526 650 4$aBibbia - NT - Lettere - Versione greca [e] versione latina [e] versione italiana.$0(OLS)http://semarc/subject/44791 774 0 $tLettere paoline.$z88-209-1669-X$g1$w()85593 774 0 $tLettere non paoline.$z88-209-1668-1$g2$w()259221 996 $6245$aLe lettere del Nuovo Testamento$9(OLS)http://semarc/title/401479 996 $6260$aCittà del Vaticano :$bLibreria Editrice Vaticana$9(OLS)http://semarc/publisher/29734 996 $6260$aFano :$bPontificio Seminario Marchigiano Pio 11.$9(OLS)http://semarc/publisher/55537